书目信息 |
| 题名: |
把优秀当成一种习惯
|
|
| 作者: | 叶飞 著 | |
| 分册: | ||
| 出版信息: | 武汉 武汉出版社 2009.09 |
|
| 页数: | 280页 | |
| 开本: | 23cm | |
| 丛书名: | 职场励志书 | |
| 单 册: | ||
| 中图分类: | F272.92 | |
| 科图分类: | ||
| 主题词: | 企业--职工--修养--通俗读物 | |
| 电子资源: | ||
| ISBN: | 978-7-5430-4474-6 | |
| 000 | 00912nam 2200253 450 | |
| 001 | 012010606445 | |
| 005 | 20100629111124.17 | |
| 009 | 012004390629 | |
| 010 | @a978-7-5430-4474-6@dCNY23.80 | |
| 100 | @a20100515d2009 em y0chiy0110 ea | |
| 101 | 0 | @achi |
| 102 | @aCN@b420000 | |
| 105 | @ay z 000yy | |
| 200 | 1 | @a把优秀当成一种习惯@Aba you xiu dang cheng yi zhong xi guan@f叶飞著 |
| 210 | @a武汉@c武汉出版社@d2009.09 | |
| 215 | @a280页@d23cm | |
| 225 | 2 | @a职场励志书@v08 |
| 330 | @a本书结合当代成功学、心理学、社会学等交叉学科的精髓理论,从心态、品质、工作、思维、行为、时间、生活、学习、交际、情绪等十大层面切入,全方位、多角度地解析成功人士必备的优秀品质,阐释好习惯的重要意义,详细指点十大好习惯的修炼门径。 | |
| 410 | 0 | @12001 @a职场励志书@v08 |
| 606 | 0 | @a企业@x职工@x修养@x通俗读物 |
| 690 | @aF272.92@v4 | |
| 701 | 0 | @a叶飞@Aye fei@4著 |
| 801 | 0 | @aCN@c20100515 |
| 905 | @dF272.92@eY429@f3 | |
| 把优秀当成一种习惯/叶飞著.-武汉:武汉出版社,2009.09 |
| 280页;23cm.-(职场励志书;08) |
| ISBN 978-7-5430-4474-6:CNY23.80 |
| 本书结合当代成功学、心理学、社会学等交叉学科的精髓理论,从心态、品质、工作、思维、行为、时间、生活、学习、交际、情绪等十大层面切入,全方位、多角度地解析成功人士必备的优秀品质,阐释好习惯的重要意义,详细指点十大好习惯的修炼门径。 |
| ● |
| 相关链接 |
|
|
|
正题名:把优秀当成一种习惯
索取号:F272.92/Y429
 
预约/预借
| 序号 | 登录号 | 条形码 | 馆藏地/架位号 | 状态 | 备注 |